000
00217 a2200097 4500
001
45871
100
_a
Bircher R
245
_a
Eating your way to health
260
_a
London
_b
Faber & Faber
_c
090
_c
28970
_d
28970
942
_a
NUST-CAE
_c
M
_c
21080
999
_c
280944
_d
280944